Sytuacja metodologiczna w badaniach nad źródłami łacińskojęzycznymi okresu nowożytnego
| Titel: | Sytuacja metodologiczna w badaniach nad źródłami łacińskojęzycznymi okresu nowożytnego |
|---|---|
| Verfasser: | |
| In: |
Łacina jako je̜zyk elit, (2004), Seite 25-31 alle Artikel anzeigen |
| Veröffentlicht: | 2004 |
| Format: | Aufsatz |
| Sprache: | Polnisch |
X
alg: 39391195
001A $01999:12-11-16
001B $01999:07-04-21 $t19:51:15.000
001D $01999:12-11-16
001U $0utf8
001X $00
002@ $0Aox
003@ $0393911950
007A $0393911950 $aHEB
007T $0Herdk64836
010@ $apol
011@ $a2004
021A $aSytuacja metodologiczna w badaniach nad źródłami łacińskojęzycznymi okresu nowożytnego
028A $aAxer $dJerzy
031A $h25-31 $j2004
039B $aIn $8--Aau--. Łacina jako je̜zyk elit. - Warszawa : DiG {[u.a.], 2004. - 516 S.. - ISBN 83-7181-321-X $x200400000000000975 $9126525862
045F $a907.209438 $eDDC23BSB
045F/01 $a907.2
045F/03 $g438
lok: 39391195 78
exp: 39391195 78 1 #EPN
201B/01 $018-11-16 $t10:05:49.000
201U/01 $0utf8
203@/01 $0790022478
208@/01 $a12-11-16 $be
209A/01 $a/ $f000 $x00
220C/01 $aTitelaufnehmer: pbb
220C/01 $aHerkunft: IH PAN/PBB Kraków
244Z/01 $2Trx $#Poola $#Lenkija $#Polija $#Polen Land $#Poland $#Lengyelország $#Poľsko $#Polsko $8--Trx--Polska$gkraj $x01 $9391345966
244Z/01 $aGeschichte 1500-2000 $x02
244Z/01 $2Trx $#keel, ladina $#kalba, lotynų $#Language, Latin $#nyelv, latin $#język łaciński $#jazyk latinský $#jazyk latinský $8--Trx--Sprache, lateinische $x03 $9391367110
244Z/01 $2Trx $#keeleteadus $#kalbotyra $#Linguistics $#nyelvtudomány $#językoznawstwo $#jazykoveda $#jazykověda $#Linguistik $#lingvistika $8--Trx--Sprachwissenschaft $x04 $939137124X
244Z/01 $2Trx $8--Trx--Einzelbeiträge $x05 $9391384570
245Z/01 $a04.01 $x01
247C/01 $82080>Marburg/Lahn, Herder-Institut, Forschungsbibliothek, Bibliographieportal $9336309341
| LEADER | 00000caa a22000002c 4500 | ||
|---|---|---|---|
| 001 | 393911950 | ||
| 003 | DE-603 | ||
| 005 | 20210407195115.0 | ||
| 007 | tu | ||
| 008 | 161112s2004 xx |||| | u00||u|pol c | ||
| 035 | |a (DE-599)HEB393911950 | ||
| 040 | |a DE-603 |b ger |c DE-603 |d DE-603 | ||
| 041 | |a pol | ||
| 082 | 0 | 4 | |8 1\u |a 907.209438 |q DE-101 |2 23/BSB |
| 085 | |8 1\u |b 907.2 | ||
| 085 | |8 1\u |z 2 |s 438 | ||
| 100 | 1 | |a Axer, Jerzy | |
| 245 | 0 | 0 | |a Sytuacja metodologiczna w badaniach nad źródłami łacińskojęzycznymi okresu nowożytnego |
| 264 | 0 | |c 2004 | |
| 773 | 0 | 8 | |i In |t Łacina jako je̜zyk elit |d Warszawa : DiG [u.a.], 2004 |h 516 S. |z 837181321X |g (2004), Seite 25-31 |w (DE-603)126525862 |
| 924 | 0 | |9 2080 |a (DE-603)790022478 |b DE-2080 |c HES |d d |g / | |


